000 00809nam a2200229Ia 4500
001 9424
003 GE_BSU
008 181216s||||||||xx |||||||||||||| ||und||
040 _cGE_BSU
080 _a821.353.1–32
100 _aმაისურაძე,ელიზბარ
245 _aჭადრებადქცეული ვაჟკაცები
245 _bმოთხრობები
245 _cრედ.ჯ.ნიქაბაძე,მხატვ.ნ.ლაფაჩი
260 _aთბილისი
260 _bსაბჭოთა საქართველო
260 _c1971
300 _a300გვ.20სმ.
653 _aმოთხრობები
653 _aჭადრებადქცეული ვაჟკაცები
942 _cBK
999 _c42718
_d42718